[Event "Titled Tuesday intern op 04th Mar Early"]
[Site "Chess.com INT"]
[Date "2025.03.04"]
[Round "9"]
[White "Alvarado Diaz, Alejandro"]
[Black "Dragnev, Valentin"]
[Result "0-1"]
[WhiteElo "2484"]
[BlackElo "2545"]
[PlyCount "82"]
[EventDate "2025.03.04"]
[EventType "swiss (blitz)"]
[EventRounds "11"]
[EventCountry "USA"]
[SourceTitle "CB11_2025"]
[SourceDate "2025.03.12"]
[SourceVersion "1"]
[SourceVersionDate "2025.03.12"]
[SourceQuality "1"]

1. Nc3 d5 2. d3 e5 3. d4 e4 4. Bf4 c6 5. f3 f5 6. e3 Bd6 7. Nh3 Nf6 8. Qd2 0-0 9. Be2 exf3 10. gxf3 Nh5 11. Bxd6 Qxd6 12. 0-0-0 f4 13. Nxf4 Nxf4 14. exf4 Qxf4 15. Qxf4 Rxf4 16. h4 Nd7 17. h5 h6 18. Bd3 Rxf3 19. Rde1 Kf8 20. Nd1 Nf6 21. Ne3 Bd7 22. Rhf1 Rxf1 23. Rxf1 Kg8 24. Bg6 Be8 25. Nf5 Bxg6 26. hxg6 Re8 27. Nxh6+ gxh6 28. Rxf6 Re7 29. Kd2 Kg7 30. Rd6 h5 31. c4 h4 32. cxd5 cxd5 33. Rxd5 Kxg6 34. Rd6+ Kg5 35. Rd8 Rh7 36. Rg8+ Kf4 37. Rg1 h3 38. Kd3 h2 39. Rh1 Kg3 40. d5 Rh4 41. d6 Rh6 0-1

[Event "Titled Tuesday intern op 04th Mar Early"]
[Site "Chess.com INT"]
[Date "2025.03.04"]
[Round "1"]
[White "Alvarado Diaz, Alejandro"]
[Black "Osmonbekov, Talaibek D"]
[Result "1-0"]
[WhiteElo "2484"]
[BlackElo "2129"]
[PlyCount "85"]
[EventDate "2025.03.04"]
[EventType "swiss (blitz)"]
[EventRounds "11"]
[EventCountry "USA"]
[SourceTitle "CB11_2025"]
[SourceDate "2025.03.12"]
[SourceVersion "1"]
[SourceVersionDate "2025.03.12"]
[SourceQuality "1"]

1. Nc3 e5 2. d3 f5 3. d4 e4 4. d5 Bb4 5. Qd4 Bxc3+ 6. bxc3 Nf6 7. c4 d6 8. h4 0-0 9. h5 h6 10. e3 c5 11. Qc3 Nbd7 12. Ne2 Ne5 13. Nf4 b6 14. Bb2 Qe8 15. Be2 a6 16. a4 Bd7 17. Qb3 Rb8 18. 0-0 Qf7 19. Bxe5 dxe5 20. Ng6 Rfd8 21. Nxe5 Qe8 22. Ng6 Kh7 23. Rfb1 a5 24. Rb2 Bc8 25. Qc3 Rd6 26. Qe5 Qd8 27. Qe7 Qxe7 28. Nxe7 Bd7 29. Ng6 Be8 30. Nf4 Kg8 31. c3 Kf7 32. Kh2 Ke7 33. Kg3 Kd8 34. Kh4 Bd7 35. f3 Kc7 36. Ng6 Re8 37. f4 Rb8 38. Ne5 Be8 39. Bd1 Bd7 40. g3 Rg8 41. Rg2 Be8 42. g4 fxg4 43. Bxg4 1-0

[Event "Titled Tuesday intern op 04th Mar Early"]
[Site "Chess.com INT"]
[Date "2025.03.04"]
[Round "11"]
[White "Gutkin, Ilya"]
[Black "Alvarado Diaz, Alejandro"]
[Result "0-1"]
[WhiteElo "2311"]
[BlackElo "2484"]
[PlyCount "58"]
[EventDate "2025.03.04"]
[EventType "swiss (blitz)"]
[EventRounds "11"]
[EventCountry "USA"]
[SourceTitle "CB11_2025"]
[SourceDate "2025.03.12"]
[SourceVersion "1"]
[SourceVersionDate "2025.03.12"]
[SourceQuality "1"]

1. Nf3 d6 2. d4 Nd7 3. e4 Ngf6 4. Nc3 e5 5. Bc4 Be7 6. 0-0 0-0 7. h3 c6 8. a4 h6 9. Be3 Re8 10. Qd2 Bf8 11. Bb3 exd4 12. Qxd4 Nc5 13. e5 Nxb3 14. cxb3 dxe5 15. Qxd8 Rxd8 16. Nxe5 Be6 17. Nc4 Nd5 18. Bd2 Nb4 19. Rfd1 Nc2 20. Rac1 Nd4 21. Na5 Nxb3 22. Nxb7 Rxd2 23. Rxd2 Nxd2 24. Na5 Nb3 25. Nxb3 Bxb3 26. Ne4 Bxa4 27. Rc3 Rb8 28. Rc4 Bb3 29. Rxc6 Bd5 0-1

[Event "Titled Tuesday intern op 04th Mar Early"]
[Site "Chess.com INT"]
[Date "2025.03.04"]
[Round "8"]
[White "Janik, Igor"]
[Black "Alvarado Diaz, Alejandro"]
[Result "1-0"]
[WhiteElo "2527"]
[BlackElo "2484"]
[PlyCount "149"]
[EventDate "2025.03.04"]
[EventType "swiss (blitz)"]
[EventRounds "11"]
[EventCountry "USA"]
[SourceTitle "CB11_2025"]
[SourceDate "2025.03.12"]
[SourceVersion "1"]
[SourceVersionDate "2025.03.12"]
[SourceQuality "1"]

1. e4 d6 2. d4 Nf6 3. Nc3 e5 4. dxe5 dxe5 5. Qxd8+ Kxd8 6. Bc4 Be6 7. Bxe6 fxe6 8. f3 Nc6 9. Be3 Bd6 10. Nh3 Ke7 11. Nf2 a6 12. 0-0-0 h6 13. h4 Rad8 14. Ne2 Nh5 15. Nd3 Rhf8 16. Rh3 Nf4 17. Nexf4 exf4 18. Bf2 Ne5 19. Nc5 b6 20. Nb7 Rd7 21. Nxd6 Rxd6 22. Rxd6 Kxd6 23. Rh1 c5 24. Be1 Nc6 25. Bc3 e5 26. h5 Ke6 27. Rh4 Rf6 28. Rg4 Kf7 29. b3 g5 30. hxg6+ Rxg6 31. Rxg6 Kxg6 32. Be1 Kf6 33. Bh4+ Ke6 34. Kd2 Kd6 35. Bf6 Ke6 36. Bg7 h5 37. Bf8 Nd8 38. a4 Nc6 39. Ke2 a5 40. Kd3 Nd4 41. Bg7 h4 42. Bf8 h3 43. gxh3 Nxf3 44. Bh6 Ne1+ 45. Kd2 Nf3+ 46. Kd3 Kf6 47. c3 Ne1+ 48. Ke2 Ng2 49. Bf8 Ke6 50. Bg7 Nh4 51. Kf2 Ng6 52. Kf3 Kf7 53. Bh6 Kf6 54. Kg4 Nh8 55. Bg5+ Ke6 56. Bd8 c4 57. bxc4 Nf7 58. Bxb6 Nd6 59. Bxa5 Nxe4 60. Bb4 Nf6+ 61. Kf3 Kf5 62. a5 e4+ 63. Kf2 e3+ 64. Kf3 Ne4 65. a6 Nd2+ 66. Ke2 Ke4 67. a7 f3+ 68. Kd1 f2 69. a8Q+ Kf4 70. Bd6+ Kf5 71. Qd5+ Kg6 72. Qe6+ Kh5 73. Qg4+ Kh6 74. Bf8+ Kh7 75. Qg7# 1-0

[Event "Titled Tuesday intern op 04th Mar Early"]
[Site "Chess.com INT"]
[Date "2025.03.04"]
[Round "2"]
[White "Kucuksari, Kaan"]
[Black "Alvarado Diaz, Alejandro"]
[Result "0-1"]
[WhiteElo "2448"]
[BlackElo "2484"]
[PlyCount "64"]
[EventDate "2025.03.04"]
[EventType "swiss (blitz)"]
[EventRounds "11"]
[EventCountry "USA"]
[SourceTitle "CB11_2025"]
[SourceDate "2025.03.12"]
[SourceVersion "1"]
[SourceVersionDate "2025.03.12"]
[SourceQuality "1"]

1. d4 Nf6 2. c4 c5 3. d5 b5 4. cxb5 a6 5. bxa6 e6 6. dxe6 fxe6 7. e3 d5 8. Nf3 Be7 9. Bb5+ Bd7 10. Bxd7+ Qxd7 11. 0-0 0-0 12. b3 Ne4 13. Bb2 Rxa6 14. Nbd2 Nxd2 15. Qxd2 Nc6 16. Ne5 Nxe5 17. Bxe5 Rfa8 18. e4 d4 19. Rfc1 Qa7 20. a4 Qb7 21. Qd3 Rb6 22. Rab1 Rb4 23. h3 Bf8 24. h4 h6 25. h5 Ra6 26. Qf3 Raxa4 27. bxa4 Rxb1 28. Rxb1 Qxb1+ 29. Kh2 d3 30. Qg4 Qb3 31. Qg6 Qb7 32. Qxe6+ Qf7 0-1

[Event "Titled Tuesday intern op 04th Mar Early"]
[Site "Chess.com INT"]
[Date "2025.03.04"]
[Round "3"]
[White "Rosen, Eric S"]
[Black "Alvarado Diaz, Alejandro"]
[Result "0-1"]
[WhiteElo "2377"]
[BlackElo "2484"]
[PlyCount "156"]
[EventDate "2025.03.04"]
[EventType "swiss (blitz)"]
[EventRounds "11"]
[EventCountry "USA"]
[SourceTitle "CB11_2025"]
[SourceDate "2025.03.12"]
[SourceVersion "1"]
[SourceVersionDate "2025.03.12"]
[SourceQuality "1"]

1. d4 Nf6 2. Bf4 c5 3. d5 b5 4. e4 Nxe4 5. Qf3 Qa5+ 6. Nd2 Nxd2 7. Bxd2 Qb6 8. a4 b4 9. Nh3 Qf6 10. Qb3 Qe5+ 11. Be2 Ba6 12. Be3 Bxe2 13. Kxe2 d6 14. Rhe1 Nd7 15. Kf1 Qxh2 16. Bf4 Qh1+ 17. Ng1 Kd8 18. Re3 Qh4 19. Bg3 Qh5 20. Rae1 Nb6 21. Bxd6 exd6 22. a5 Qxd5 23. Qxd5 Nxd5 24. Re8+ Kd7 25. Rxa8 Nc7 26. Rb8 g6 27. Nf3 Bg7 28. Rxh8 Bxh8 29. b3 Bc3 30. Rd1 h6 31. Nd2 Kc6 32. Ne4 Be5 33. g3 d5 34. Nd2 Nb5 35. f4 Bg7 36. Nf3 Nc3 37. Re1 Ne4 38. Kg2 f5 39. Ne5+ Bxe5 40. fxe5 d4 41. a6 Kd5 42. Ra1 Kxe5 43. Ra5 Kd6 44. Rb5 Kc6 45. Rb7 Nd6 46. Rxa7 Nb5 47. Ra8 Kb6 48. Rg8 Kxa6 49. Rxg6+ Ka5 50. Rxh6 Na3 51. Rf6 Nxc2 52. Rxf5 Ne3+ 53. Kf3 Nxf5 54. Ke4 Nxg3+ 55. Kd3 Kb5 56. Kc2 Nf5 57. Kd3 Kc6 58. Kc2 Kd5 59. Kd3 Nd6 60. Kd2 Nb5 61. Kc2 Nc7 62. Kd3 Na8 63. Kd2 c4 64. Kc2 cxb3+ 65. Kxb3 Ke4 66. Kc2 Ke3 67. Kc1 Ke2 68. Kc2 d3+ 69. Kb3 d2 70. Kc4 d1Q 71. Kb5 Qd6 72. Ka4 b3 73. Kxb3 Qb6+ 74. Kc4 Ke3 75. Kd5 Qd4+ 76. Kc6 Kf2 77. Kb7 Qd6 78. Kc8 Qc7# 0-1

[Event "Titled Tuesday intern op 25th Feb Early"]
[Site "Chess.com INT"]
[Date "2025.02.25"]
[Round "8"]
[White "Alvarado Diaz, Alejandro"]
[Black "Mekhitarian, Krikor Sevag"]
[Result "1-0"]
[WhiteElo "2484"]
[BlackElo "2562"]
[PlyCount "61"]
[EventDate "2025.02.25"]
[EventType "swiss (blitz)"]
[EventRounds "11"]
[EventCountry "USA"]
[SourceTitle "CB10_2025"]
[SourceDate "2025.03.05"]
[SourceVersion "1"]
[SourceVersionDate "2025.03.05"]
[SourceQuality "1"]

1. Nc3 d5 2. d3 e5 3. d4 e4 4. Bf4 f5 5. e3 Nf6 6. f3 Bd6 7. Nh3 0-0 8. Be2 Bxf4 9. Nxf4 g5 10. Nh3 h6 11. Qd2 Be6 12. Nf2 Qe7 13. 0-0-0 Nbd7 14. h4 g4 15. h5 Kh8 16. fxg4 fxg4 17. Rh4 Rg8 18. Rf1 Rg5 19. Rfh1 Rf8 20. g3 Qd6 21. Rg1 Kg7 22. Qd1 Nxh5 23. Nxg4 Nxg3 24. Nxh6 c6 25. Ng4 Nxe2+ 26. Nxe2 Rh8 27. Rxh8 Kxh8 28. Nf4 Bf7 29. Ne5 Rxe5 30. dxe5 Nxe5 31. Rg5 1-0

[Event "Titled Tuesday intern op 25th Jul Early"]
[Site "Chess.com INT"]
[Date "2023.07.25"]
[Round "1"]
[White "Alvarado Diaz, Alejandro"]
[Black "Suyarov, Mukhammadzokhid"]
[Result "0-1"]
[WhiteElo "2464"]
[BlackElo "2366"]
[PlyCount "50"]
[EventDate "2023.07.25"]
[EventType "swiss (blitz)"]
[EventRounds "11"]
[EventCountry "USA"]
[SourceTitle "EXT 2024"]
[Source "ChessBase"]
[SourceDate "2023.10.10"]
[SourceVersion "1"]
[SourceVersionDate "2023.10.10"]
[SourceQuality "1"]

1. d4 e6 2. Bf4 Nf6 3. e3 b6 4. c4 Bb7 5. Nc3 Bb4 6. Nf3 0-0 7. Bd3 d6 8. 0-0 Nbd7 9. h3 Re8 10. Bh2 e5 11. d5 Bxc3 12. bxc3 e4 13. Nd4 exd3 14. Qxd3 Ne5 15. Qe2 Qd7 16. a4 Ba6 17. Nb5 Ne4 18. f3 Nc5 19. e4 f5 20. f4 Nxc4 21. Qxc4 Rxe4 22. Qa2 Rxa4 23. Na3 Bxf1 24. Rxf1 Re8 25. Qc2 Rxa3 0-1

[Event "Titled Tuesday intern op 25th Jul Early"]
[Site "Chess.com INT"]
[Date "2023.07.25"]
[Round "11"]
[White "Danielyan, Vahe"]
[Black "Alvarado Diaz, Alejandro"]
[Result "1-0"]
[WhiteElo "2346"]
[BlackElo "2464"]
[PlyCount "75"]
[EventDate "2023.07.25"]
[EventType "swiss (blitz)"]
[EventRounds "11"]
[EventCountry "USA"]
[SourceTitle "EXT 2024"]
[Source "ChessBase"]
[SourceDate "2023.10.10"]
[SourceVersion "1"]
[SourceVersionDate "2023.10.10"]
[SourceQuality "1"]

1. d4 f5 2. c4 Nf6 3. Nc3 d6 4. g3 g6 5. Bg2 Bg7 6. Nf3 0-0 7. 0-0 c6 8. Re1 Na6 9. d5 e5 10. dxc6 bxc6 11. b3 Nc5 12. Bb2 Qe7 13. Nd2 e4 14. Nf1 Be6 15. Ne3 a5 16. Rc1 Rab8 17. Qc2 a4 18. bxa4 Nfd7 19. Red1 Ne5 20. Ba3 h5 21. Qd2 Rfd8 22. Qc2 h4 23. a5 Ra8 24. Bb4 Bh6 25. Na4 Bxe3 26. fxe3 Nxc4 27. Nxc5 dxc5 28. Rxd8+ Rxd8 29. Be1 Nxe3 30. Qxc5 Qxc5 31. Rxc5 Nxg2 32. Kxg2 Bd5 33. Kf2 Ra8 34. Ke3 h3 35. Rc2 Kf7 36. Rb2 Ra7 37. Kd4 Ke6 38. Kc5 1-0

[Event "Titled Tuesday intern op 27th Jun Early"]
[Site "Chess.com INT"]
[Date "2023.06.27"]
[Round "10"]
[White "Alvarado Diaz, Alejandro"]
[Black "Bueno, Alfeu Varela Jr"]
[Result "0-1"]
[WhiteElo "2464"]
[BlackElo "2135"]
[PlyCount "40"]
[EventDate "2023.06.27"]
[EventType "swiss (blitz)"]
[EventRounds "11"]
[EventCountry "USA"]
[SourceTitle "EXT 2024"]
[Source "ChessBase"]
[SourceDate "2023.10.10"]
[SourceVersion "1"]
[SourceVersionDate "2023.10.10"]
[SourceQuality "1"]

1. d4 e6 2. c4 f5 3. g3 Nf6 4. Bg2 Be7 5. Nh3 0-0 6. 0-0 d6 7. Nc3 e5 8. e4 exd4 9. Qxd4 Nc6 10. Qd1 fxe4 11. Nxe4 Nxe4 12. Qd5+ Kh8 13. Qxe4 Bf5 14. Qe1 Bd3 15. Nf4 Bxf1 16. Ne6 Qc8 17. Nxf8 Bxg2 18. Nxh7 Qh3 19. Ng5 Bxg5 20. Bxg5 Ne5 0-1

[Event "Titled Tuesday intern op 27th Jun Early"]
[Site "Chess.com INT"]
[Date "2023.06.27"]
[Round "9"]
[White "Alvarado Diaz, Alejandro"]
[Black "Vifleemskaia, Svetlana"]
[Result "1/2-1/2"]
[WhiteElo "2464"]
[BlackElo "1971"]
[PlyCount "70"]
[EventDate "2023.06.27"]
[EventType "swiss (blitz)"]
[EventRounds "11"]
[EventCountry "USA"]
[SourceTitle "EXT 2024"]
[Source "ChessBase"]
[SourceDate "2023.10.10"]
[SourceVersion "1"]
[SourceVersionDate "2023.10.10"]
[SourceQuality "1"]

1. d4 Nf6 2. c4 e6 3. Nc3 Bb4 4. Nf3 Ne4 5. Qb3 a5 6. Qc2 f5 7. Nd2 Nxc3 8. bxc3 Be7 9. e4 fxe4 10. Nxe4 0-0 11. Bd3 g6 12. 0-0 Nc6 13. Bh6 Rf7 14. f4 Bf8 15. Bg5 Be7 16. d5 Nb8 17. Bh6 Bf8 18. Bg5 Be7 19. Rae1 exd5 20. cxd5 d6 21. h4 Bf5 22. h5 Nd7 23. Ng3 Bxg5 24. fxg5 Qxg5 25. Nxf5 gxf5 26. Bxf5 Nc5 27. Be6 Nxe6 28. dxe6 Rxf1+ 29. Rxf1 Re8 30. Qe4 Qc5+ 31. Kh1 Qxh5+ 32. Kg1 Qc5+ 33. Kh1 Qh5+ 34. Kg1 Qc5+ 35. Kh1 Qh5+ 1/2-1/2

[Event "ESP-chT CECLUB Div2"]
[Site "Linares"]
[Date "2022.08.23"]
[Round "2.4"]
[White "Alvarado Diaz, Alejandro"]
[Black "Barbot, Pierre"]
[Result "1/2-1/2"]
[WhiteElo "2437"]
[BlackElo "2438"]
[PlyCount "134"]
[EventDate "2022.08.22"]
[EventType "team-swiss"]
[EventRounds "7"]
[EventCountry "ESP"]
[SourceTitle "CBM 209 Extra"]
[Source "ChessBase"]
[SourceDate "2022.09.30"]
[SourceVersion "1"]
[SourceVersionDate "2022.09.30"]
[SourceQuality "1"]
[WhiteTeam "Llinars"]
[BlackTeam "Grandama Santa Lucia"]
[WhiteTeamCountry "ESP"]
[BlackTeamCountry "ESP"]

1. d4 Nf6 2. c4 e6 3. Nc3 Bb4 4. Qc2 0-0 5. e4 d5 6. e5 Ne4 7. Bd3 c5 8. Nf3 cxd4 9. Nxd4 Nd7 10. Bf4 Ndc5 11. 0-0 Bxc3 12. bxc3 Nxd3 13. Qxd3 b6 14. cxd5 Qxd5 15. f3 Nc5 16. Qe3 Ba6 17. Rfd1 Rfd8 18. Bg5 Rd7 19. Rd2 h6 20. Nc2 Qxd2 21. Qxd2 Rxd2 22. Bxd2 Rd8 23. Be3 Rd3 24. Bd4 Rd2 25. Ne3 Na4 26. a3 Kf8 27. h4 Bb7 28. Nc4 Rc2 29. Ne3 Re2 30. Rc1 Ra2 31. c4 Rxa3 32. c5 Rd3 33. cxb6 axb6 34. Rc4 b5 35. Rb4 Bc6 36. Kf2 Nc3 37. Bc5+ Ke8 38. Rd4 Rxd4 39. Bxd4 Na2 40. Ke1 Bd5 41. Kd2 Nb4 42. Bc3 Nc6 43. Nc2 Ne7 44. h5 Nf5 45. Bb4 Nh4 46. Ne3 Bc6 47. Ke2 g6 48. Be1 Nf5 49. Nxf5 exf5 50. Bd2 gxh5 51. Bxh6 Kd7 52. g3 f4 53. Bxf4 b4 54. Kd3 Bxf3 55. Kc4 Ke6 56. Kxb4 Kf5 57. Be3 Kg4 58. Bf2 Bd5 59. e6 Bxe6 60. Kc5 Kf3 61. Be1 Bg4 62. Kd6 f5 63. Ke5 Ke3 64. Kf6 Ke2 65. Bb4 f4 66. gxf4 h4 67. f5 Bxf5 1/2-1/2

[Event "Titled Tuesday intern op 07th Jun Early"]
[Site "Chess.com INT"]
[Date "2022.06.07"]
[Round "10"]
[White "Alvarado Diaz, Alejandro"]
[Black "Leenhouts, Koen"]
[Result "0-1"]
[WhiteElo "2430"]
[BlackElo "2440"]
[PlyCount "58"]
[EventDate "2022.06.07"]
[EventType "swiss (blitz)"]
[EventRounds "11"]
[EventCountry "USA"]
[SourceTitle "CBM 208 Extra"]
[Source "ChessBase"]
[SourceDate "2022.07.31"]
[SourceVersion "1"]
[SourceVersionDate "2022.07.31"]
[SourceQuality "1"]

1. d4 d5 2. c4 c6 3. Nc3 Nf6 4. cxd5 cxd5 5. Bf4 Nc6 6. e3 a6 7. Bd3 Bg4 8. f3 Bd7 9. Qb3 Na5 10. Qc2 e6 11. Nge2 Rc8 12. 0-0 b5 13. Qd2 Nc4 14. Bxc4 dxc4 15. e4 Be7 16. d5 Bc5+ 17. Kh1 b4 18. dxe6 fxe6 19. Nd1 0-0 20. Ne3 Bb5 21. Qxd8 Rfxd8 22. Nc2 c3 23. Rfe1 cxb2 24. Rab1 Bf2 25. Rf1 Rxc2 26. Rxf2 Bxe2 27. g4 Rd1+ 28. Rxd1 Bxd1 29. Rxc2 Bxc2 0-1

[Event "Titled Tuesday intern op 07th Jun Early"]
[Site "Chess.com INT"]
[Date "2022.06.07"]
[Round "8"]
[White "Alvarado Diaz, Alejandro"]
[Black "Przybylski, Wojciech"]
[Result "1/2-1/2"]
[WhiteElo "2430"]
[BlackElo "2321"]
[PlyCount "93"]
[EventDate "2022.06.07"]
[EventType "swiss (blitz)"]
[EventRounds "11"]
[EventCountry "USA"]
[SourceTitle "CBM 208 Extra"]
[Source "ChessBase"]
[SourceDate "2022.07.31"]
[SourceVersion "1"]
[SourceVersionDate "2022.07.31"]
[SourceQuality "1"]

1. d4 Nf6 2. c4 e6 3. Nc3 Bb4 4. f3 c5 5. d5 d6 6. e4 b5 7. Nge2 0-0 8. Nf4 bxc4 9. Bxc4 exd5 10. Bxd5 Nxd5 11. Qxd5 Qb6 12. 0-0 Bb7 13. Qd1 c4+ 14. Kh1 Bc5 15. Na4 Qb5 16. Nxc5 Qxc5 17. Bd2 Nd7 18. Bc3 Ne5 19. Qd2 Rfd8 20. Rad1 a5 21. Qd4 Qxd4 22. Rxd4 Kf8 23. Rfd1 Ke7 24. R4d2 f6 25. Ne2 Ra6 26. Nd4 g6 27. Nb5 Rd7 28. Rd4 Rb6 29. Na3 Ba6 30. R1d2 a4 31. Nc2 Rdb7 32. a3 Nd3 33. Nb4 Rb5 34. Nxd3 cxd3 35. R4xd3 Rxb2 36. Rxb2 Rxb2 37. Bxb2 Bxd3 38. Kg1 Ke6 39. Kf2 f5 40. Ke3 Bf1 41. g3 fxe4 42. fxe4 Bg2 43. Bd4 Bh1 44. Bb6 Bg2 45. Bd4 Bh1 46. Kd3 Bg2 47. Ke3 1/2-1/2

[Event "Titled Tuesday intern op 07th Jun Early"]
[Site "Chess.com INT"]
[Date "2022.06.07"]
[Round "5"]
[White "Florescu, Codrut Constantin"]
[Black "Alvarado Diaz, Alejandro"]
[Result "1/2-1/2"]
[WhiteElo "2257"]
[BlackElo "2430"]
[PlyCount "143"]
[EventDate "2022.06.07"]
[EventType "swiss (blitz)"]
[EventRounds "11"]
[EventCountry "USA"]
[SourceTitle "CBM 208 Extra"]
[Source "ChessBase"]
[SourceDate "2022.07.31"]
[SourceVersion "1"]
[SourceVersionDate "2022.07.31"]
[SourceQuality "1"]

1. d4 Nf6 2. Nf3 g6 3. c4 Bg7 4. Nc3 d5 5. Qb3 dxc4 6. Qxc4 0-0 7. e4 a6 8. Be2 b5 9. Qb3 Bb7 10. e5 Nd5 11. 0-0 Nxc3 12. bxc3 c5 13. a4 Bd5 14. Qb1 cxd4 15. cxd4 Nc6 16. axb5 axb5 17. Rxa8 Qxa8 18. Qxb5 Bxf3 19. Bxf3 Nxd4 20. Bxa8 Nxb5 21. Bf3 Bxe5 22. Bg5 e6 23. g3 Nd4 24. Be4 Kg7 25. Rb1 Ne2+ 26. Kg2 Nc3 27. Re1 Nxe4 28. Rxe4 Bf6 29. Bxf6+ Kxf6 30. h4 Ra8 31. Rf4+ Kg7 32. Rb4 Ra7 33. Kf3 h6 34. Kg2 f5 35. Kf3 Kf6 36. Rb6 g5 37. hxg5+ hxg5 38. Ke3 g4 39. Rb8 Ra2 40. Rb7 Ra3+ 41. Ke2 Ra5 42. Rb8 Ke5 43. Rb6 Ra2+ 44. Ke3 Ra3+ 45. Ke2 Ra4 46. Rb5+ Kf6 47. Rb8 e5 48. Rf8+ Ke6 49. Re8+ Kd5 50. Rd8+ Ke4 51. Rd2 f4 52. gxf4 exf4 53. f3+ gxf3+ 54. Kf2 Ra3 55. Rd8 Ra2+ 56. Kf1 f2 57. Rb8 Kf3 58. Rb3+ Kg4 59. Rb8 Kg3 60. Rb3+ Kg4 61. Rb8 Ra1+ 62. Kxf2 Ra2+ 63. Kf1 Kg3 64. Rg8+ Kf3 65. Kg1 Ra1+ 66. Kh2 Kf2 67. Rb8 f3 68. Rb2+ Kf1 69. Kg3 Ra3 70. Rf2+ Kg1 71. Rxf3 Rxf3+ 72. Kxf3 1/2-1/2

[Event "Titled Tuesday intern op 07th Jun Early"]
[Site "Chess.com INT"]
[Date "2022.06.07"]
[Round "9"]
[White "Urazayev, Arystanbek"]
[Black "Alvarado Diaz, Alejandro"]
[Result "1-0"]
[WhiteElo "2435"]
[BlackElo "2430"]
[PlyCount "83"]
[EventDate "2022.06.07"]
[EventType "swiss (blitz)"]
[EventRounds "11"]
[EventCountry "USA"]
[SourceTitle "CBM 208 Extra"]
[Source "ChessBase"]
[SourceDate "2022.07.31"]
[SourceVersion "1"]
[SourceVersionDate "2022.07.31"]
[SourceQuality "1"]

1. e4 e6 2. d4 d5 3. e5 c5 4. c3 Nc6 5. Nf3 Bd7 6. Be2 cxd4 7. cxd4 Nge7 8. Nc3 Nf5 9. 0-0 a6 10. b3 Be7 11. Bb2 0-0 12. Rc1 Rc8 13. Na4 Na7 14. Rxc8 Nxc8 15. Nc5 Bc6 16. b4 Nb6 17. Nd2 Bxc5 18. bxc5 Nd7 19. Bd3 Qg5 20. f4 Qg6 21. Qe2 f6 22. Nf3 fxe5 23. Nh4 Nxd4 24. Bxd4 Qh6 25. Nf5 exf5 26. fxe5 Qh4 27. Qb2 f4 28. Be2 Re8 29. Bf3 Qg5 30. Re1 Qf5 31. Qe2 Nf8 32. Bg4 Qg5 33. e6 h5 34. Bh3 Ng6 35. Qb2 Nh4 36. Kh1 f3 37. gxf3 Nxf3 38. Rf1 Nxd4 39. Qxd4 Qg6 40. Rg1 Qh6 41. Bf5 Re7 42. h4 1-0

[Event "Titled Tuesday intern op 07th Jun Early"]
[Site "Chess.com INT"]
[Date "2022.06.07"]
[Round "1"]
[White "Winkels, Marcel"]
[Black "Alvarado Diaz, Alejandro"]
[Result "0-1"]
[WhiteElo "1940"]
[BlackElo "2430"]
[PlyCount "54"]
[EventDate "2022.06.07"]
[EventType "swiss (blitz)"]
[EventRounds "11"]
[EventCountry "USA"]
[SourceTitle "CBM 208 Extra"]
[Source "ChessBase"]
[SourceDate "2022.07.31"]
[SourceVersion "1"]
[SourceVersionDate "2022.07.31"]
[SourceQuality "1"]

1. e4 e6 2. d4 d5 3. e5 c5 4. c3 Nc6 5. Nf3 Bd7 6. Bd3 Rc8 7. a3 cxd4 8. cxd4 Qb6 9. 0-0 Nxd4 10. Nxd4 Qxd4 11. Qe2 Ne7 12. Nc3 a6 13. Be3 Qxe5 14. f4 Qd6 15. f5 e5 16. Rad1 f6 17. Qh5+ Kd8 18. Be4 d4 19. Bxb7 Rb8 20. Be4 Bc6 21. Bc1 Kc7 22. Bxc6 Qxc6 23. Ne2 Nd5 24. b4 Kb7 25. Qf7+ Ka8 26. Bb2 Ne3 27. Rc1 Qxg2# 0-1

[Event "ESP-chT CECLUB Div2"]
[Site "Linares"]
[Date "2021.08.12"]
[Round "5.8"]
[White "Gago Padreny, Ignacio"]
[Black "Alvarado Diaz, Alejandro"]
[Result "0-1"]
[WhiteElo "2240"]
[BlackElo "2397"]
[PlyCount "72"]
[EventDate "2021.08.09"]
[EventType "team-swiss"]
[EventRounds "7"]
[EventCountry "ESP"]
[SourceTitle "CBM 203 Extra"]
[Source "ChessBase"]
[SourceDate "2021.09.30"]
[SourceVersion "1"]
[SourceVersionDate "2021.09.30"]
[SourceQuality "1"]
[WhiteTeam "Getafe"]
[BlackTeam "Llinars Escacs"]
[WhiteTeamCountry "ESP"]
[BlackTeamCountry "ESP"]

1. d4 Nf6 2. c4 e6 3. Nc3 d5 4. Nf3 Bb4 5. e3 0-0 6. Bd2 b6 7. cxd5 exd5 8. Rc1 a6 9. Ne5 Bb7 10. Bd3 Bd6 11. f4 c5 12. 0-0 Nc6 13. Ng4 Be7 14. dxc5 bxc5 15. Na4 c4 16. Bb1 Qd6 17. Bc3 d4 18. Nxf6+ Bxf6 19. e4 Be7 20. Be1 c3 21. bxc3 Rad8 22. cxd4 Nxd4 23. Bc3 Qg6 24. Qe1 Ba3 25. Rd1 Nb5 26. Rxd8 Rxd8 27. Ba1 Qc6 28. Qg3 Bf8 29. Nb2 Nc3 30. Re1 Nxb1 31. Rxb1 Qxe4 32. Re1 Qc6 33. Nd1 Rd2 34. Nf2 Rxa2 35. Rd1 Qg6 36. Qh3 Rxf2 0-1